Poesía y caracol / (Record no. 182653)

MARC details
000 -LEADER
campo de control de longitud fija 00824nam a2200229 i 4500
001 - NÚMERO DE CONTROL
campo de control 182653
003 - IDENTIFICADOR DE NÚMERO DE CONTROL
campo de control ES-MaACL
005 - FECHA Y HORA DE LA ÚLTIMA TRANSACCIÓN
campo de control 20250902225548.0
008 - DATOS DE LONGITUD FIJA--INFORMACIÓN GENERAL
campo de control de longitud fija 131008s2008 sp | |||||||| | spa d
020 ## - NÚMERO INTERNACIONAL ESTÁNDAR DEL LIBRO
Número Internacional Estándar del Libro 978-84-936669-2-7
080 ## - NÚMERO DE LA CLASIFICACIÓN DECIMAL UNIVERSAL
Número de la Clasificación Decimal Universal 821.134.2(899)-14"19"
100 0# - ENTRADA PRINCIPAL--NOMBRE DE PERSONA
Nombre de persona Courtoisie, Rafael.
9 (RLIN) 41299
245 10 - MENCIÓN DEL TÍTULO
Título Poesía y caracol /
Mención de responsabilidad, etc. Rafael Courtoisie.
260 ## - PUBLICACIÓN, DISTRIBUCIÓN, ETC.
Lugar de publicación, distribución, etc. Sevilla :
Nombre del editor, distribuidor, etc. Sibila :
-- Fundación BBVA,
Fecha de publicación, distribución, etc. [2008]
300 ## - DESCRIPCIÓN FÍSICA
Extensión 61 p. ;
Dimensiones 17 cm.
490 1# - MENCIÓN DE SERIE
Mención de serie Biblioteca Sibila-Fundación BBVA de poesía española.Inéditos
830 0# - PUNTO DE ACCESO ADICIONAL DE SERIE-TÍTULO UNIFORME
Título uniforme Biblioteca Sibila-Fundación BBVA de poesía española.Inéditos
9 (RLIN) 224871
852 ## - LOCALIZACIÓN
Ubicación ES-MaACL
Número de control de estantería A-12813
itemnumber 189570
Sublocalización o colección R.149027
Ubicación en estantería Depósito 1
Signatura antigua Olim: N-5813
Encuadernación Donación: Fundación BBVA
914 ## - NOMBRE ENTIDAD DE DONANTE
Nombre de congreso/reunión o jurisdicción como elemento de entrada Fundación BBVA
Unidad subordinada Donante
RLIN 4230
942 ## - ELEMENTOS DE ENTRADA SECUNDARIOS (KOHA)
Fuente del sistema de clasificación o colocación Clasificación decimal universal
Tipo de ítem Koha Libro impreso
Holdings
Estatus retirado Estado de pérdida Fuente del sistema de clasificación o colocación Estado de daño No para préstamo Biblioteca de origen Biblioteca actual Ubicación en estantería Fecha de adquisición Fuente de adquisición Total de préstamos Signatura topográfica completa Código de barras Visto por última vez Precio de reemplazo Tipo de ítem Koha
    Clasificación decimal universal     Biblioteca del Ateneo de Madrid Biblioteca del Ateneo de Madrid Depósito 1 08/10/2013 Donación   A-12813 1191954 23/02/2023 23/02/2023 Libro impreso